Vista normal Vista MARC

Entrada Personal Name

Número de registros utilizados en: 1

001 - CONTROL NUMBER

  • control field: 38248

003 - CONTROL NUMBER IDENTIFIER

  • control field: OSt

005 - DATE AND TIME OF LATEST TRANSACTION

  • control field: 20230915232042.0

008 - FIXED-LENGTH DATA ELEMENTS

  • fixed length control field: 230915|| aca||aabn | a|a d

040 ## - CATALOGING SOURCE

  • Original cataloging agency: OSt
  • Transcribing agency: OSt

100 ## - HEADING--PERSONAL NAME

  • Personal name: Sack, Betty, il. ; Gomez, Susana, tr

670 ## - SOURCE DATA FOUND

  • Source citation: Work cat.: (OSt)32738: Kellner, Ingrid 38247, Historias de cumpleaños / , 2005









Instituto Departamental de Cultura del Meta - Red Departamental de Bibliotecas Públicas del Meta.